| 000 | 01001nam1a22003251 4500 | ||
|---|---|---|---|
| 001 | RU\NLR\A1SV\90316 | ||
| 005 | 20251203171251.9 | ||
| 035 | _a(NLR Aleph) 009771678 | ||
| 090 |
_a10058456 _c10058456 |
||
| 100 | _a20260120 rusy50 | ||
| 101 | 0 | _arus | |
| 102 | _aRU | ||
| 200 | 1 |
_aМатериалы ЗАПОМО _fНКЗ. Зап. опыт.-мелиоратив. организация |
|
| 210 |
_aГорки _cТиполит. С.-х. ин-та _d1922-1924 |
||
| 215 | _d27 см | ||
| 620 | _dГорки | ||
| 710 | 0 | 2 | _aЗападная опытно-мелиоративная организация |
| 801 | 0 |
_aRU _bNLR _c20081007 |
|
| 899 |
_aРГБ _z(вып.3) |
||
| 899 |
_aБАН _z(вып.1,3) |
||
| 899 |
_aМГУ _z(вып.1) |
||
| 899 |
_aГПНТБ _z(вып.2) |
||
| 899 |
_aРГБ _z(вып.3) |
||
| 899 |
_aБАН _z(вып.1,3) |
||
| 899 |
_aМГУ _z(вып.1) |
||
| 899 |
_aГПНТБ _z(вып.2) |
||
| 942 | _cBOOK | ||
| 980 | _aNB | ||
| 980 | _aA1SV | ||